[Event "Stay Safe Play From Home 275"]
[Site "Emanuel Lasker Arena"]
[Date "2020.07.03"]
[Round "5"]
[White "Trotsky"]
[Black "Base642019"]
[Result "1-0"]
[WhiteElo "1622"]
[BlackElo "1620"]
[Annotator "NA"]
[PlyCount "47"]
[EventDate "2020.07.03"]
[EventType "swiss (blitz)"]

1. d4 {[%emt 0:00:01]} g6 {[%emt 0:00:02]} 2. e3 {[%emt 0:00:01]} Bg7 {[%emt 0:00:02]} 3. c4 {[%emt 0:00:00]} e6 {[%emt 0:00:00]} 4. Nc3 {[%emt 0:00:01]} c5 {[%emt 0:00:00]} 5. Bd3 {[%emt 0:00:01]} cxd4 {[%emt 0:00:01]} 6. exd4 {[%emt 0:00:01]} Bxd4 {[%emt 0:00:01]} 7. Nf3 {[%emt 0:00:01]} Bg7 {[%emt 0:00:03]} 8. Be3 {[%emt 0:00:01]} Ne7 {[%emt 0:00:00]} 9. Qc2 {[%emt 0:00:01]} O-O {[%emt 0:00:00]} 10. h4 {[%emt 0:00:01]} d5 {[%emt 0:00:01]} 11. Ng5 {[%emt 0:00:02]} f5 {[%emt 0:00:01]} 12. O-O-O {[%emt 0:00:02]} h6 {[%emt 0:00:00]} 13. g4 {[%emt 0:00:02]} hxg5 {[%emt 0:00:02]} 14. hxg5 {[%emt 0:00:01]} fxg4 {[%emt 0:00:02]} 15. Bxg6 {[%emt 0:00:02]} Nxg6 {[%emt 0:00:01]} 16. Qxg6 {[%emt 0:00:01]} Qe7 {[%emt 0:00:01]} 17. Qh7+ {[%emt 0:00:01]} Kf7 {[%emt 0:00:01]} 18. g6+ {[%emt 0:00:02]} Ke8 {[%emt 0:00:01]} 19. cxd5 {[%emt 0:00:02]} Bxc3 {[%emt 0:00:04]} 20. g7 {[%emt 0:00:05]} Bxg7 {[%emt 0:00:07]} 21. d6 {[%emt 0:00:02]} Qf6 {[%emt 0:00:02]} 22. Bd4 {[%emt 0:00:03]} Qf4+ {[%emt 0:00:03]} 23. Kb1 {[%emt 0:00:02]} Bxd4 {[%emt 0:00:01]} 24. Qe7# {[%emt 0:00:03] (Lag: Av=0.61s, max=1.2s)} 1-0

[Event "Stay Safe Play From Home 275"]
[Site "Emanuel Lasker Arena"]
[Date "2020.07.03"]
[Round "6"]
[White "Broken sword"]
[Black "The Next Contender"]
[Result "1-0"]
[WhiteElo "2496"]
[BlackElo "2021"]
[Annotator "TA"]
[PlyCount "52"]
[EventDate "2020.07.03"]
[EventType "swiss (blitz)"]

{[%evp 9,52,63,79,56,50,46,44,57,145,149,216,146,134,145,141,134,143,123,414,131,241,108,105,97,106,100,104,101,178,143,150,154,418,156,163,158,1108,1114,1107,1099,1218,1187,1178,1152,2048]} 1. d4 d5 2. Nf3 c5 3. c4 e6 4. cxd5 Qxd5 5. Nc3 Qd8 6. d5 {[#] D30: Queen's Gambit Declined: Systems without Nc3.} exd5 $146 ({Predecessor:} 6... h6 7. e4 exd5 8. Bb5+ Bd7 9. Qxd5 Nc6 10. O-O Nf6 11. Qd3 a6 12. Bc4 b5 {1-0 (44) Linart,L (1229)-Villar,J (956) LSS email 2014}) 7. Qxd5 Qxd5 8. Nxd5 {White is slightly better.} Na6 (8... Bd6 $14) 9. e4 $16 {[#] And now Bf4 would win.} Be6 (9... Bd6 $16 {was worth a try.} 10. Bg5 h6) 10. Bxa6 Bxd5 11. Bb5+ Bc6 12. Bxc6+ bxc6 13. Be3 O-O-O $2 {[%mdl 8192] [#]} (13... Nf6 $16) 14. O-O $2 (14. Ne5 $18 {is the precise move to win.}) 14... Nf6 (14... Re8 $16 15. Rac1 Nf6) 15. Ng5 (15. Ne5 $18) 15... Rd7 16. f3 h6 17. Nh3 Bd6 18. Rfc1 Be5 (18... Rhd8 $16) 19. Rab1 Rhd8 20. Nf2 Rd3 $2 (20... Kb7 $16 {keeps fighting.} 21. Rxc5 Bc7) 21. Bxc5 $2 (21. Nxd3 $18 {and the rest is easy.} Rxd3 22. Bxc5) 21... Rd2 22. Bxa7 Rc2 $2 (22... Kc7 $16 23. Nd1 Nh5) 23. Rxc2 $18 {White is clearly winning.} Kb7 24. Be3 Ra8 25. a3 Nd7 26. Nd3 Nb6 {Accuracy: White = 46%, Black = 26%.} 1-0

[Event "Stay Safe Play From Home 275"]
[Site "Emanuel Lasker Arena"]
[Date "2020.07.03"]
[Round "6"]
[White "Uber_WING"]
[Black "BrainThinker22"]
[Result "1-0"]
[WhiteElo "2415"]
[BlackElo "2381"]
[Annotator "NA"]
[PlyCount "102"]
[EventDate "2020.07.03"]
[EventType "swiss (blitz)"]

1. e4 {[%emt 0:00:01]} c6 {[%emt 0:00:00]} 2. Nf3 {[%emt 0:00:01]} d5 {[%emt 0:00:00]} 3. Nc3 {[%emt 0:00:00]} Bg4 {[%emt 0:00:01]} 4. Be2 {[%emt 0:00:01]} Bxf3 {[%emt 0:00:00]} 5. Bxf3 {[%emt 0:00:00]} e6 {[%emt 0:00:00]} 6. d3 {[%emt 0:00:00]} Nf6 {[%emt 0:00:01]} 7. exd5 {[%emt 0:00:00]} cxd5 {[%emt 0:00:01]} 8. O-O {[%emt 0:00:00]} Nc6 {[%emt 0:00:00]} 9. Re1 {[%emt 0:00:00]} Be7 {[%emt 0:00:00]} 10. Bg5 {[%emt 0:00:00]} O-O {[%emt 0:00:00]} 11. Qd2 {[%emt 0:00:00]} h6 {[%emt 0:00:01]} 12. Bh4 {[%emt 0:00:01]} Rc8 {[%emt 0:00:00]} 13. Bg3 {[%emt 0:00:00]} Qa5 {[%emt 0:00:00]} 14. a3 {[%emt 0:00:00]} a6 {[%emt 0:00:01]} 15. Rad1 {[%emt 0:00:02]} Rfd8 {[%emt 0:00:01]} 16. h3 {[%emt 0:00:03]} d4 {[%emt 0:00:03]} 17. Ne4 {[%emt 0:00:01]} Qxd2 {[%emt 0:00:00]} 18. Nxf6+ {[%emt 0:00:01]} Bxf6 {[%emt 0:00:00]} 19. Rxd2 {[%emt 0:00:00]} e5 {[%emt 0:00:02]} 20. Rde2 {[%emt 0:00:01]} b5 {[%emt 0:00:04]} 21. Bxc6 {[%emt 0:00:04]} Rxc6 {[%emt 0:00:00]} 22. Bxe5 {[%emt 0:00:00]} Bxe5 {[%emt 0:00:00]} 23. Rxe5 {[%emt 0:00:00]} Rdc8 {[%emt 0:00:00]} 24. Re8+ {[%emt 0:00:02]} Rxe8 {[%emt 0:00:01]} 25. Rxe8+ {[%emt 0:00:00]} Kh7 {[%emt 0:00:00]} 26. Re2 {[%emt 0:00:00]} a5 {[%emt 0:00:01]} 27. Kf1 {[%emt 0:00:00]} b4 {[%emt 0:00:00]} 28. axb4 {[%emt 0:00:00]} axb4 {[%emt 0:00:00]} 29. Ke1 {[%emt 0:00:00]} f5 {[%emt 0:00:01]} 30. Kd2 {[%emt 0:00:01]} Kg6 {[%emt 0:00:00]} 31. Re5 {[%emt 0:00:01]} Kf6 {[%emt 0:00:01]} 32. Rb5 {[%emt 0:00:01]} g6 {[%emt 0:00:03]} 33. Rxb4 {[%emt 0:00:00]} Ke5 {[%emt 0:00:00]} 34. c3 {[%emt 0:00:01]} dxc3+ {[%emt 0:00:01]} 35. bxc3 {[%emt 0:00:00]} g5 {[%emt 0:00:00]} 36. Rb5+ {[%emt 0:00:01]} Kf4 {[%emt 0:00:01]} 37. d4 {[%emt 0:00:03]} g4 {[%emt 0:00:03]} 38. hxg4 {[%emt 0:00:02]} fxg4 {[%emt 0:00:00]} 39. Kd3 {[%emt 0:00:01]} h5 {[%emt 0:00:01]} 40. c4 {[%emt 0:00:01]} h4 {[%emt 0:00:01]} 41. d5 {[%emt 0:00:00]} Rc8 {[%emt 0:00:01]} 42. Kd4 {[%emt 0:00:01]} h3 {[%emt 0:00:01]} 43. gxh3 {[%emt 0:00:00]} gxh3 {[%emt 0:00:00]} 44. Rb1 {[%emt 0:00:00]} Kf3 {[%emt 0:00:02]} 45. c5 {[%emt 0:00:00]} Kxf2 {[%emt 0:00:01]} 46. c6 {[%emt 0:00:00]} Kg2 {[%emt 0:00:01]} 47. Kc5 {[%emt 0:00:00]} h2 {[%emt 0:00:01]} 48. d6 {[%emt 0:00:00]} h1=Q {[%emt 0:00:00]} 49. Rxh1 {[%emt 0:00:00]} Kxh1 {[%emt 0:00:00]} 50. d7 {[%emt 0:00:00]} Rh8 {[%emt 0:00:00]} 51. c7 {[%emt 0:00:01]} Rh5+ {[%emt 0:00:00] BrainThinker22 resigns (Lag: Av=0.58s, max=2.3s)} 1-0

[Event "Stay Safe Play From Home 275"]
[Site "Emanuel Lasker Arena"]
[Date "2020.07.03"]
[Round "6"]
[White "Mepe_Nika"]
[Black "AChessPlayer"]
[Result "1-0"]
[WhiteElo "2311"]
[BlackElo "2465"]
[PlyCount "129"]
[EventDate "2020.07.03"]
[EventType "swiss (blitz)"]

1. d4 {[%emt 0:00:01]} c6 {[%emt 0:00:00]} 2. e4 {[%emt 0:00:01]} d5 {[%emt 0:00:00]} 3. exd5 {[%emt 0:00:00]} cxd5 {[%emt 0:00:01]} 4. Bd3 {[%emt 0:00:00]} Nc6 {[%emt 0:00:00]} 5. c3 {[%emt 0:00:01]} Nf6 {[%emt 0:00:00]} 6. Bf4 {[%emt 0:00:00]} Bg4 {[%emt 0:00:02]} 7. Qb3 {[%emt 0:00:01]} Qd7 {[%emt 0:00:02]} 8. Nd2 {[%emt 0:00:02]} e6 {[%emt 0:00:01]} 9. Ngf3 {[%emt 0:00:01]} a6 {[%emt 0:00:01]} 10. O-O {[%emt 0:00:01]} Be7 {[%emt 0:00:01]} 11. Rfe1 {[%emt 0:00:01]} O-O {[%emt 0:00:01]} 12. Ne5 {[%emt 0:00:00]} Nxe5 {[%emt 0:00:04]} 13. Bxe5 {[%emt 0:00:00]} Bh5 {[%emt 0:00:03]} 14. Re3 {[%emt 0:00:01]} Bg6 {[%emt 0:00:01]} 15. Bxg6 {[%emt 0:00:02]} hxg6 {[%emt 0:00:00]} 16. Bxf6 {[%emt 0:00:01]} Bxf6 {[%emt 0:00:01]} 17. Nf3 {[%emt 0:00:00]} b5 {[%emt 0:00:01]} 18. a3 {[%emt 0:00:01]} a5 {[%emt 0:00:02]} 19. h3 {[%emt 0:00:02]} Rfb8 {[%emt 0:00:01]} 20. Ne5 {[%emt 0:00:01]} Qc7 {[%emt 0:00:01]} 21. Nd3 {[%emt 0:00:02]} Rb6 {[%emt 0:00:03]} 22. Qd1 {[%emt 0:00:01]} Rc8 {[%emt 0:00:01]} 23. Qf3 {[%emt 0:00:01]} Qd6 {[%emt 0:00:01]} 24. Rae1 {[%emt 0:00:01]} b4 {[%emt 0:00:03]} 25. axb4 {[%emt 0:00:01]} axb4 {[%emt 0:00:01]} 26. Nxb4 {[%emt 0:00:03]} Bxd4 {[%emt 0:00:00]} 27. Rd3 {[%emt 0:00:01]} Bf6 {[%emt 0:00:01]} 28. Red1 {[%emt 0:00:01]} Qc5 {[%emt 0:00:01]} 29. g3 {[%emt 0:00:03]} Rcb8 {[%emt 0:00:01]} 30. Kg2 {[%emt 0:00:01]} Qc4 {[%emt 0:00:01]} 31. h4 {[%emt 0:00:01]} Qb3 {[%emt 0:00:01]} 32. R1d2 {[%emt 0:00:02]} Qc4 {[%emt 0:00:02]} 33. h5 {[%emt 0:00:01]} gxh5 {[%emt 0:00:01]} 34. Qxh5 {[%emt 0:00:00]} g6 {[%emt 0:00:00]} 35. Qf3 {[%emt 0:00:01]} Kg7 {[%emt 0:00:01]} 36. Re2 {[%emt 0:00:01]} Rxb4 {[%emt 0:00:02]} 37. cxb4 {[%emt 0:00:01]} Rxb4 {[%emt 0:00:00]} 38. b3 {[%emt 0:00:01]} Qb5 {[%emt 0:00:00]} 39. Rde3 {[%emt 0:00:01]} e5 {[%emt 0:00:05]} 40. Rd2 {[%emt 0:00:04]} e4 {[%emt 0:00:00]} 41. Qe2 {[%emt 0:00:01]} d4 {[%emt 0:00:00]} 42. Qxb5 {[%emt 0:00:02]} Rxb5 {[%emt 0:00:00]} 43. Rxe4 {[%emt 0:00:01]} Rxb3 {[%emt 0:00:00]} 44. Rf4 {[%emt 0:00:01]} Rb6 {[%emt 0:00:00]} 45. Rf3 {[%emt 0:00:00]} Rd6 {[%emt 0:00:00]} 46. Rfd3 {[%emt 0:00:00]} g5 {[%emt 0:00:00]} 47. f4 {[%emt 0:00:01]} Kg6 {[%emt 0:00:00]} 48. Kf3 {[%emt 0:00:01]} gxf4 {[%emt 0:00:00]} 49. gxf4 {[%emt 0:00:00]} Bg7 {[%emt 0:00:00]} 50. Ke4 {[%emt 0:00:01]} Bf6 {[%emt 0:00:00]} 51. f5+ {[%emt 0:00:01]} Kg7 {[%emt 0:00:00]} 52. Rh3 {[%emt 0:00:01]} Kf8 {[%emt 0:00:00]} 53. Rhd3 {[%emt 0:00:01]} Ke7 {[%emt 0:00:00]} 54. Ra2 {[%emt 0:00:00]} Rd7 {[%emt 0:00:00]} 55. Ra6 {[%emt 0:00:01]} Bg7 {[%emt 0:00:00]} 56. f6+ {[%emt 0:00:01]} Bxf6 {[%emt 0:00:00]} 57. Kf5 {[%emt 0:00:01]} Bg7 {[%emt 0:00:00]} 58. Rd1 {[%emt 0:00:00]} Kf8 {[%emt 0:00:01]} 59. Re1 {[%emt 0:00:00]} Rd8 {[%emt 0:00:00]} 60. Rb1 {[%emt 0:00:00]} d3 {[%emt 0:00:00]} 61. Rb7 {[%emt 0:00:00]} d2 {[%emt 0:00:00]} 62. Raa7 {[%emt 0:00:00]} Kg8 {[%emt 0:00:00]} 63. Rxf7 {[%emt 0:00:00]} Bd4 {[%emt 0:00:00]} 64. Rfd7 {[%emt 0:00:01]} d1=Q {[%emt 0:00:00]} 65. Rxd8# {[%emt 0:00:00] (Lag: Av=0.66s, max=1.5s)} 1-0

[Event "Stay Safe Play From Home 275"]
[Site "Emanuel Lasker Arena"]
[Date "2020.07.03"]
[Round "6"]
[White "Lamborghini"]
[Black "Trotsky"]
[Result "1-0"]
[WhiteElo "2238"]
[BlackElo "1639"]
[PlyCount "37"]
[EventDate "2020.07.03"]
[EventType "swiss (blitz)"]

1. e4 {[%emt 0:00:02]} c5 {[%emt 0:00:01]} 2. Nf3 {[%emt 0:00:01]} e6 {[%emt 0:00:00]} 3. d4 {[%emt 0:00:01]} d5 {[%emt 0:00:01]} 4. exd5 {[%emt 0:00:01]} exd5 {[%emt 0:00:00]} 5. Bb5+ {[%emt 0:00:01]} Nc6 {[%emt 0:00:01]} 6. O-O {[%emt 0:00:01]} Be6 {[%emt 0:00:01]} 7. Ne5 {[%emt 0:00:02]} Qc7 {[%emt 0:00:02]} 8. Bf4 {[%emt 0:00:02]} Bd6 {[%emt 0:00:01]} 9. dxc5 {[%emt 0:00:01]} Bxe5 {[%emt 0:00:02]} 10. Bxe5 {[%emt 0:00:01]} Qxe5 {[%emt 0:00:01]} 11. Re1 {[%emt 0:00:01]} Qc7 {[%emt 0:00:02]} 12. Nc3 {[%emt 0:00:01]} O-O-O {[%emt 0:00:01]} 13. Bxc6 {[%emt 0:00:01]} bxc6 {[%emt 0:00:01]} 14. Ne2 {[%emt 0:00:01]} Nf6 {[%emt 0:00:01]} 15. Nd4 {[%emt 0:00:01]} Ng4 {[%emt 0:00:01]} 16. g3 {[%emt 0:00:01]} h5 {[%emt 0:00:01]} 17. b4 {[%emt 0:00:02]} h4 {[%emt 0:00:01]} 18. Nxe6 {[%emt 0:00:01]} hxg3 {[%emt 0:00:01]} 19. Nxc7 {[%emt 0:00:02] Trotsky Ñäàåòñÿ (Lag: Av=0.26s, max=0.5s)} 1-0

[Event "Stay Safe Play From Home 275"]
[Site "Emanuel Lasker Arena"]
[Date "2020.07.03"]
[Round "6"]
[White "buzaglo"]
[Black "Haris kollari 13"]
[Result "0-1"]
[WhiteElo "1962"]
[BlackElo "1779"]
[Annotator "NA"]
[PlyCount "58"]
[EventDate "2020.07.03"]
[EventType "swiss (blitz)"]

1. d4 {[%emt 0:00:02]} e6 {[%emt 0:00:00]} 2. Nf3 {[%emt 0:00:00]} d5 {[%emt 0:00:00]} 3. g3 {[%emt 0:00:00]} c5 {[%emt 0:00:00]} 4. Bg2 {[%emt 0:00:00]} Nc6 {[%emt 0:00:01]} 5. O-O {[%emt 0:00:02]} Bd7 {[%emt 0:00:01]} 6. c4 {[%emt 0:00:01]} dxc4 {[%emt 0:00:02]} 7. dxc5 {[%emt 0:00:01]} Bxc5 {[%emt 0:00:03]} 8. Qc2 {[%emt 0:00:00]} Nf6 {[%emt 0:00:03]} 9. Qxc4 {[%emt 0:00:01]} Bb6 {[%emt 0:00:01]} 10. Nc3 {[%emt 0:00:02]} O-O {[%emt 0:00:01]} 11. Bg5 {[%emt 0:00:04]} Rc8 {[%emt 0:00:01]} 12. Qb3 {[%emt 0:00:01]} Qe7 {[%emt 0:00:02]} 13. Rad1 {[%emt 0:00:02]} Rfd8 {[%emt 0:00:02]} 14. e4 {[%emt 0:00:02]} h6 {[%emt 0:00:01]} 15. Bxf6 {[%emt 0:00:02]} Qxf6 {[%emt 0:00:01]} 16. e5 {[%emt 0:00:00]} Nxe5 {[%emt 0:00:03]} 17. Nxe5 {[%emt 0:00:02]} Qxe5 {[%emt 0:00:01]} 18. Ne4 {[%emt 0:00:02]} Bc6 {[%emt 0:00:02]} 19. Rxd8+ {[%emt 0:00:04]} Rxd8 {[%emt 0:00:02]} 20. Nc3 {[%emt 0:00:03]} Bxg2 {[%emt 0:00:01]} 21. Kxg2 {[%emt 0:00:00]} Rd2 {[%emt 0:00:01]} 22. Qb4 {[%emt 0:00:04]} Qf5 {[%emt 0:00:04]} 23. Ne4 {[%emt 0:00:00]} Re2 {[%emt 0:00:03]} 24. Qc4 {[%emt 0:00:04]} Rxe4 {[%emt 0:00:01]} 25. Qc8+ {[%emt 0:00:01]} Kh7 {[%emt 0:00:01]} 26. Qxb7 {[%emt 0:00:00]} Re2 {[%emt 0:00:02]} 27. h3 {[%emt 0:00:09]} Rxf2+ {[%emt 0:00:01]} 28. Rxf2 {[%emt 0:00:01]} Qxf2+ {[%emt 0:00:01]} 29. Kh1 {[%emt 0:00:00]} Qg1# {[%emt 0:00:01] (Lag: Av=0.53s, max=1.0s)} 0-1

[Event "Stay Safe Play From Home 275"]
[Site "Emanuel Lasker Arena"]
[Date "2020.07.03"]
[Round "6"]
[White "Aadi3110theking"]
[Black "Klasman"]
[Result "0-1"]
[WhiteElo "1542"]
[BlackElo "1342"]
[Annotator "NA"]
[PlyCount "30"]
[EventDate "2020.07.03"]
[EventType "swiss (blitz)"]

1. Nf3 {[%emt 0:00:04]} f5 {[%emt 0:00:02]} 2. c4 {[%emt 0:00:00]} Nf6 {[%emt 0:00:01]} 3. b3 {[%emt 0:00:00]} e6 {[%emt 0:00:01]} 4. Bb2 {[%emt 0:00:00]} c6 {[%emt 0:00:03]} 5. g3 {[%emt 0:00:00]} d5 {[%emt 0:00:01]} 6. Bg2 {[%emt 0:00:00]} Bd6 {[%emt 0:00:02]} 7. e3 {[%emt 0:00:01]} O-O {[%emt 0:00:02]} 8. d3 {[%emt 0:00:00]} b5 {[%emt 0:00:04]} 9. Nbd2 {[%emt 0:00:00]} bxc4 {[%emt 0:00:01]} 10. dxc4 {[%emt 0:00:00]} Bb7 {[%emt 0:00:05]} 11. O-O {[%emt 0:00:01]} Nbd7 {[%emt 0:00:02]} 12. Rc1 {[%emt 0:00:00]} Ng4 {[%emt 0:00:02]} 13. Nd4 {[%emt 0:00:00]} Qg5 {[%emt 0:00:08]} 14. Nxe6 {[%emt 0:00:02]} Qh6 {[%emt 0:00:04]} 15. Nxf8 {[%emt 0:00:01]} Qxh2# {[%emt 0:00:03] (Lag: Av=0.84s, max=1.1s)} 0-1

[Event "Stay Safe Play From Home 275"]
[Site "Emanuel Lasker Arena"]
[Date "2020.07.03"]
[Round "7"]
[White "AChessPlayer"]
[Black "buzaglo"]
[Result "1-0"]
[WhiteElo "2441"]
[BlackElo "1937"]
[PlyCount "67"]
[EventDate "2020.07.03"]
[EventType "swiss (blitz)"]

1. Nf3 {[%emt 0:00:01]} e6 {[%emt 0:00:00]} 2. g3 {[%emt 0:00:00]} d5 {[%emt 0:00:00]} 3. Bg2 {[%emt 0:00:02]} Nf6 {[%emt 0:00:00]} 4. d4 {[%emt 0:00:00]} c5 {[%emt 0:00:00]} 5. O-O {[%emt 0:00:00]} cxd4 {[%emt 0:00:01]} 6. Nxd4 {[%emt 0:00:00]} Bd6 {[%emt 0:00:00]} 7. c4 {[%emt 0:00:01]} Nc6 {[%emt 0:00:01]} 8. cxd5 {[%emt 0:00:01]} exd5 {[%emt 0:00:02]} 9. Nxc6 {[%emt 0:00:01]} bxc6 {[%emt 0:00:00]} 10. Nc3 {[%emt 0:00:00]} O-O {[%emt 0:00:01]} 11. Na4 {[%emt 0:00:00]} Ba6 {[%emt 0:00:01]} 12. Be3 {[%emt 0:00:01]} Re8 {[%emt 0:00:01]} 13. Re1 {[%emt 0:00:01]} c5 {[%emt 0:00:01]} 14. Bxc5 {[%emt 0:00:01]} Bxc5 {[%emt 0:00:00]} 15. Nxc5 {[%emt 0:00:00]} Bc8 {[%emt 0:00:02]} 16. Rc1 {[%emt 0:00:01]} Bf5 {[%emt 0:00:02]} 17. Qd4 {[%emt 0:00:00]} Ne4 {[%emt 0:00:03]} 18. a3 {[%emt 0:00:02]} Nxc5 {[%emt 0:00:05]} 19. Rxc5 {[%emt 0:00:00]} Qb6 {[%emt 0:00:02]} 20. b4 {[%emt 0:00:01]} a5 {[%emt 0:00:01]} 21. Rxd5 {[%emt 0:00:01]} Qe6 {[%emt 0:00:02]} 22. Rd6 {[%emt 0:00:02]} Qe7 {[%emt 0:00:01]} 23. Bxa8 {[%emt 0:00:01]} Rxa8 {[%emt 0:00:01]} 24. bxa5 {[%emt 0:00:00]} Bh3 {[%emt 0:00:03]} 25. a6 {[%emt 0:00:00]} h6 {[%emt 0:00:01]} 26. f3 {[%emt 0:00:01]} g5 {[%emt 0:00:04]} 27. Kf2 {[%emt 0:00:00]} Ra7 {[%emt 0:00:03]} 28. Rd8+ {[%emt 0:00:01]} Kh7 {[%emt 0:00:01]} 29. Qh8+ {[%emt 0:00:02]} Kg6 {[%emt 0:00:00]} 30. Rg8+ {[%emt 0:00:00]} Kh5 {[%emt 0:00:01]} 31. Qd4 {[%emt 0:00:01]} Rd7 {[%emt 0:00:03]} 32. Qh4+ {[%emt 0:00:01]} gxh4 {[%emt 0:00:01]} 33. g4+ {[%emt 0:00:00]} Bxg4 {[%emt 0:00:01]} 34. fxg4# {[%emt 0:00:00] (Lag: Av=0.65s, max=1.3s)} 1-0

[Event "Stay Safe Play From Home 275"]
[Site "Emanuel Lasker Arena"]
[Date "2020.07.03"]
[Round "7"]
[White "Uber_WING"]
[Black "Lamborghini"]
[Result "1-0"]
[WhiteElo "2430"]
[BlackElo "2239"]
[PlyCount "89"]
[EventDate "2020.07.03"]
[EventType "swiss (blitz)"]

1. e4 {[%emt 0:00:01]} c5 {[%emt 0:00:01]} 2. Nc3 {[%emt 0:00:00]} d6 {[%emt 0:00:01]} 3. g3 {[%emt 0:00:00]} Nc6 {[%emt 0:00:01]} 4. Bg2 {[%emt 0:00:00]} Bd7 {[%emt 0:00:00]} 5. d3 {[%emt 0:00:00]} Qc8 {[%emt 0:00:01]} 6. Be3 {[%emt 0:00:00]} Rb8 {[%emt 0:00:01]} 7. h3 {[%emt 0:00:01]} b5 {[%emt 0:00:01]} 8. Qd2 {[%emt 0:00:00]} b4 {[%emt 0:00:01]} 9. Nd1 {[%emt 0:00:00]} g6 {[%emt 0:00:01]} 10. Ne2 {[%emt 0:00:01]} Bg7 {[%emt 0:00:01]} 11. a3 {[%emt 0:00:01]} a5 {[%emt 0:00:01]} 12. axb4 {[%emt 0:00:01]} axb4 {[%emt 0:00:01]} 13. f4 {[%emt 0:00:00]} h5 {[%emt 0:00:02]} 14. Nf2 {[%emt 0:00:02]} Nf6 {[%emt 0:00:01]} 15. O-O {[%emt 0:00:02]} O-O {[%emt 0:00:01]} 16. c3 {[%emt 0:00:01]} Qc7 {[%emt 0:00:05]} 17. d4 {[%emt 0:00:02]} bxc3 {[%emt 0:00:01]} 18. bxc3 {[%emt 0:00:00]} Na5 {[%emt 0:00:01]} 19. Qd3 {[%emt 0:00:04]} Rfc8 {[%emt 0:00:10]} 20. Rac1 {[%emt 0:00:03]} c4 {[%emt 0:00:02]} 21. Qc2 {[%emt 0:00:03]} Nb3 {[%emt 0:00:02]} 22. Rb1 {[%emt 0:00:01]} d5 {[%emt 0:00:01]} 23. e5 {[%emt 0:00:01]} Bf5 {[%emt 0:00:01]} 24. Qd1 {[%emt 0:00:03]} Bxb1 {[%emt 0:00:02]} 25. exf6 {[%emt 0:00:01]} exf6 {[%emt 0:00:03]} 26. Qxb1 {[%emt 0:00:01]} Nxd4 {[%emt 0:00:01]} 27. Qd1 {[%emt 0:00:01]} Nf5 {[%emt 0:00:01]} 28. Bd4 {[%emt 0:00:01]} Re8 {[%emt 0:00:02]} 29. g4 {[%emt 0:00:02]} hxg4 {[%emt 0:00:02]} 30. hxg4 {[%emt 0:00:00]} Nxd4 {[%emt 0:00:02]} 31. Nxd4 {[%emt 0:00:01]} Qa5 {[%emt 0:00:01]} 32. Qd2 {[%emt 0:00:03]} Rbc8 {[%emt 0:00:02]} 33. Re1 {[%emt 0:00:02]} Qc5 {[%emt 0:00:01]} 34. Rxe8+ {[%emt 0:00:01]} Rxe8 {[%emt 0:00:00]} 35. Nf3 {[%emt 0:00:01]} f5 {[%emt 0:00:01]} 36. gxf5 {[%emt 0:00:01]} gxf5 {[%emt 0:00:01]} 37. Nh4 {[%emt 0:00:01]} Re4 {[%emt 0:00:00]} 38. Bxe4 {[%emt 0:00:02]} fxe4 {[%emt 0:00:01]} 39. Nf5 {[%emt 0:00:02]} e3 {[%emt 0:00:01]} 40. Qxe3 {[%emt 0:00:01]} d4 {[%emt 0:00:00]} 41. Nxd4 {[%emt 0:00:01]} Qh5 {[%emt 0:00:01]} 42. Qf3 {[%emt 0:00:01]} Bxd4 {[%emt 0:00:01]} 43. Qxh5 {[%emt 0:00:01]} Kf8 {[%emt 0:00:01]} 44. Qg4 {[%emt 0:00:00]} Bxf2+ {[%emt 0:00:00]} 45. Kxf2 {[%emt 0:00:01] Zeit (Lag: Av=0.23s, max=0.6s)} 1-0

[Event "Stay Safe Play From Home 275"]
[Site "Emanuel Lasker Arena"]
[Date "2020.07.03"]
[Round "7"]
[White "Haris kollari 13"]
[Black "Broken sword"]
[Result "0-1"]
[WhiteElo "1804"]
[BlackElo "2498"]
[Annotator "NA"]
[PlyCount "68"]
[EventDate "2020.07.03"]
[EventType "swiss (blitz)"]

1. e4 {[%emt 0:00:01]} c5 {[%emt 0:00:01]} 2. Nf3 {[%emt 0:00:00]} d6 {[%emt 0:00:01]} 3. d4 {[%emt 0:00:00]} cxd4 {[%emt 0:00:00]} 4. Nxd4 {[%emt 0:00:01]} a6 {[%emt 0:00:00]} 5. Nc3 {[%emt 0:00:01]} Nf6 {[%emt 0:00:00]} 6. Be3 {[%emt 0:00:02]} e6 {[%emt 0:00:01]} 7. Be2 {[%emt 0:00:01]} b5 {[%emt 0:00:01]} 8. f3 {[%emt 0:00:02]} Bb7 {[%emt 0:00:01]} 9. Qd2 {[%emt 0:00:01]} Nbd7 {[%emt 0:00:00]} 10. O-O-O {[%emt 0:00:03]} Nb6 {[%emt 0:00:00]} 11. g3 {[%emt 0:00:02]} Nfd7 {[%emt 0:00:02]} 12. Nb3 {[%emt 0:00:02]} Rc8 {[%emt 0:00:01]} 13. h4 {[%emt 0:00:01]} Ne5 {[%emt 0:00:02]} 14. Kb1 {[%emt 0:00:02]} Nbc4 {[%emt 0:00:01]} 15. Qc1 {[%emt 0:00:02]} Qc7 {[%emt 0:00:02]} 16. Bxc4 {[%emt 0:00:07]} Nxc4 {[%emt 0:00:01]} 17. Bd2 {[%emt 0:00:03]} Be7 {[%emt 0:00:02]} 18. g4 {[%emt 0:00:01]} Bf6 {[%emt 0:00:02]} 19. g5 {[%emt 0:00:03]} Nxd2+ {[%emt 0:00:01]} 20. Qxd2 {[%emt 0:00:04]} Bxc3 {[%emt 0:00:01]} 21. bxc3 {[%emt 0:00:01]} Qxc3 {[%emt 0:00:00]} 22. Rhf1 {[%emt 0:00:05]} Qxd2 {[%emt 0:00:03]} 23. Rxd2 {[%emt 0:00:01]} d5 {[%emt 0:00:00]} 24. exd5 {[%emt 0:00:01]} Bxd5 {[%emt 0:00:00]} 25. Nd4 {[%emt 0:00:01]} O-O {[%emt 0:00:01]} 26. f4 {[%emt 0:00:01]} Rfd8 {[%emt 0:00:02]} 27. f5 {[%emt 0:00:01]} e5 {[%emt 0:00:00]} 28. Nb3 {[%emt 0:00:04]} Bxb3 {[%emt 0:00:01]} 29. axb3 {[%emt 0:00:01]} Rxd2 {[%emt 0:00:02]} 30. f6 {[%emt 0:00:01]} Rcxc2 {[%emt 0:00:02]} 31. fxg7 {[%emt 0:00:01]} Kxg7 {[%emt 0:00:01]} 32. Rf6 {[%emt 0:00:02]} Rh2 {[%emt 0:00:02]} 33. Rxa6 {[%emt 0:00:01]} Rcg2 {[%emt 0:00:02]} 34. Rc6 {[%emt 0:00:01]} Rb2+ {[%emt 0:00:02] Time (Lag: Av=0.44s, max=1.3s)} 0-1